000 00317nam a2200121Ia 4500
008 220204s9999 xx 000 0 und d
082 _a617
_bCOV.1-2
100 _aCovlson, Walter E
245 0 _aSurgical pathology. 2 V.
260 _aPhiladelphia
_bJ B Lippincott
_c1978
650 _aSurgical pathology
942 _cBK
999 _c31289
_d31289